[Event "Aragon-chT Autonomico"]
[Site "Aragon"]
[Date "2007.04.28"]
[Round "12"]
[White "Carraminana Lopez, Luis Antonio"]
[Black "Sanchez Gimeno, MA."]
[Result "1-0"]
[WhiteElo "1967"]
[BlackElo "1880"]
[PlyCount "55"]
[EventDate "2007.01.27"]
[EventType "team"]
[EventRounds "9"]
[EventCountry "ESP"]
[SourceTitle "EXT 2008"]
[Source "ChessBase"]
[SourceDate "2007.11.25"]
[SourceVersion "1"]
[SourceVersionDate "2007.11.25"]
[SourceQuality "1"]
[WhiteTeam "Caissa II"]
[BlackTeam "Hnos Cortes Moog"]
[WhiteTeamCountry "ESP"]
[BlackTeamCountry "ESP"]

1. e4 e6 2. d4 d5 3. Nd2 dxe4 4. Nxe4 Nd7 5. Nf3 Ngf6 6. Nxf6+ Nxf6 7. c3 Be7 8. Ne5 0-0 9. Bc4 c5 10. 0-0 cxd4 11. cxd4 Qb6 12. Bb3 Rd8 13. Be3 Nd5 14. Qh5 g6 15. Qf3 f5 16. Qg3 Kg7 17. Bg5 Nf6 18. Qh4 h5 19. Qg3 Ng4 20. Bxe7 Rxd4 21. Nxg4 hxg4 22. Qe5+ Kh7 23. Bf8 Rd7 24. Rad1 Qd8 25. Qxe6 Qxf8 26. Rxd7+ Bxd7 27. Qxd7+ Kh8 28. Re1 1-0

[Event "San Jose op"]
[Site "San Jose"]
[Date "1998.??.??"]
[Round "5"]
[White "Gracia Prieto, Luis Enrique"]
[Black "Sanchez Gimeno, MA."]
[Result "1/2-1/2"]
[WhiteElo "2000"]
[BlackElo "1780"]
[PlyCount "55"]
[EventDate "1998.??.??"]
[EventType "swiss"]
[EventRounds "9"]
[EventCountry "ESP"]
[SourceTitle "EXT 2000"]
[Source "ChessBase"]
[SourceDate "1999.11.16"]
[SourceVersion "1"]
[SourceVersionDate "1999.11.16"]
[SourceQuality "1"]

1. d4 d5 2. c4 e6 3. Nc3 Nf6 4. Nf3 c5 5. e3 a6 6. b3 Nc6 7. g3 cxd4 8. exd4 Bb4 9. Bb2 Ne4 10. Rc1 Qa5 11. Qc2 Nxd4 12. Nxd4 e5 13. Ke2 Nxc3+ 14. Bxc3 Bxc3 15. Qxc3 Qxc3 16. Rxc3 exd4 17. Rc1 dxc4 18. bxc4 Bd7 19. Bg2 Bc6 20. Bxc6+ bxc6 21. c5 Ke7 22. Rhe1 Rab8 23. Kd3+ Kd7 24. Rc4 Rhe8 25. Rxd4+ Kc7 26. Rde4 Rxe4 27. Rxe4 Kd7 28. Rd4+ 1/2-1/2

[Event "San Jose op"]
[Site "San Jose"]
[Date "1998.??.??"]
[Round "1"]
[White "Sanchez Gimeno, MA."]
[Black "Argueso Pascual, Manuel"]
[Result "0-1"]
[WhiteElo "1780"]
[BlackElo "2090"]
[PlyCount "62"]
[EventDate "1998.??.??"]
[EventType "swiss"]
[EventRounds "9"]
[EventCountry "ESP"]
[SourceTitle "EXT 2000"]
[Source "ChessBase"]
[SourceDate "1999.11.16"]
[SourceVersion "1"]
[SourceVersionDate "1999.11.16"]
[SourceQuality "1"]

1. e4 c5 2. Nf3 d6 3. d4 cxd4 4. Nxd4 Nf6 5. Nc3 a6 6. Bg5 e6 7. Be2 Be7 8. Qd2 Qc7 9. Bf3 Nbd7 10. Nb3 Ne5 11. Be2 h6 12. Bh4 b5 13. a3 Bb7 14. Bxf6 Bxf6 15. Bxb5+ axb5 16. Nxb5 Qb6 17. Nxd6+ Ke7 18. Nxb7 Qxb7 19. Qb4+ Qxb4+ 20. axb4 Nc4 21. Ke2 Nxb2 22. f4 Bc3 23. b5 Rhb8 24. b6 Na4 25. b7 Rxb7 26. Rxa4 Rxa4 27. Nc5 Rba7 28. Nxa4 Rxa4 29. Kd3 Ra1 30. Rxa1 Bxa1 31. f5 Kd6 0-1

[Event "San Jose op"]
[Site "San Jose"]
[Date "1998.??.??"]
[Round "6"]
[White "Sanchez Gimeno, MA."]
[Black "Machin Torcal, Eduardo"]
[Result "0-1"]
[WhiteElo "1780"]
[BlackElo "2070"]
[PlyCount "76"]
[EventDate "1998.??.??"]
[EventType "swiss"]
[EventRounds "9"]
[EventCountry "ESP"]
[SourceTitle "EXT 2000"]
[Source "ChessBase"]
[SourceDate "1999.11.16"]
[SourceVersion "1"]
[SourceVersionDate "1999.11.16"]
[SourceQuality "1"]

1. e4 e5 2. Nf3 Nc6 3. Bb5 a6 4. Ba4 b5 5. Bb3 Na5 6. Bxf7+ Kxf7 7. Nxe5+ Ke7 8. Qh5 Qe8 9. Qh4+ Nf6 10. d4 Qh5 11. Bg5 Qxh4 12. Bxh4 d6 13. Nd3 Kf7 14. Bxf6 gxf6 15. a4 Nc6 16. c3 Bb7 17. d5 Ne5 18. Nxe5+ dxe5 19. a5 Bd6 20. b4 Rhg8 21. g3 Rac8 22. 0-0 c5 23. dxc6 Rxc6 24. Ra2 Rd8 25. Kg2 Be7 26. f3 Rcd6 27. Kf2 Bf8 28. g4 Rd1 29. Rb2 Bh6 30. Ke2 R1d3 31. Rc2 Re3+ 32. Kf2 Rdd3 33. Kg2 Rd7 34. Kf2 Bf4 35. Re1 Rxe1 36. Kxe1 Rd3 37. Rf2 Kg6 38. h4 Bg3 0-1